000 01810cam a2200505 i 4500
001 zz2005785086
003 NUKAT
005 20260305135011.0
008 050414s2000 pl a g |000 0 pol c
020 _a8390297698
_q(oprawa miękka)
035 _a(OCoLC)749440174
035 _a(NUKAT)zz2005785086
040 _aGD U/Jaga
_bpol
_erda
_cGD U/Jaga
_dGD U/Jaga
_dŁ U/AGs
_dOLSZT 008/bak
046 _k1999
100 1 _aSyska, Henryk
_d(1920-2000).
_eAutor
_917256
245 1 0 _aMuzyka ojczystych drzew /
_cHenryk Syska.
260 _aOlsztyn :
_bTowarzystwo Czytelnicze. Oddział,
_c© copyright 2000.
300 _a143 strony :
_bilustracje ;
_c21 cm.
336 _aTekst
_btxt
_2rdacontent
337 _aBez urządzenia pośredniczącego
_bn
_2rdamedia
338 _aWolumin
_bnc
_2rdacarrier
380 _aKsiążki
380 _aPublikacje popularnonaukowe
388 1 _a1901-2000
388 1 _a1989-2000
500 _aNa stronie tytułowej rok wydania 1999.
500 _aNa 4 stronie okładki błędny ISBN.
650 7 _aDrzewa
_2DBN
_937574
650 7 _aLiteratura polska
_2DBN
_934964
650 7 _aTematy i motywy
_2DBN
_935389
650 7 _aDrzewa
_xfolklor.
_2kaba
_937575
650 7 _aDrzewa
_zPolska
_xfolklor.
_2kaba
_937576
650 7 _aDrzewa
_xw literaturze.
_2kaba
_937577
650 7 _aLiteratura
_xtematy, motywy.
_2kaba
_925320
650 7 _aLiteratura polska
_xtematy, motywy.
_2kaba
_914435
651 7 _aKurpie (region)
_2DBN
_935054
651 7 _aPolska
_2DBN
_935076
655 7 _aWydawnictwa popularne
_2DBN
_935845
658 _aBiologia
658 _aLiteraturoznawstwo
658 _aRolnictwo i leśnictwo
710 2 _aPolskie Towarzystwo Czytelnicze.
_bOddział (Olsztyn).
_eWydawca
_4pbl
_937573
920 _a83-902976-9-8 (oprawa miękka)
942 _2ddc
_cBK_NM
999 _c26831
_d26831